000 00984 a2200217 4500
001 53086
005 20260407155804.0
008 260407a1981 arg spa d
003 AR-UNSa-BCEJYS
040 _aAR-UNSa-BCEJYS
_bspa
_cAR-UNSa-BCEJYS
080 _a330.1
_xCiencia económica. Conceptos fundamentales de teoría económica. Valor. Capital. Fondos
245 1 0 _aCausalidad en economía
264 1 _aBuenos Aires :
_bTesis
_c1981
300 _a184 p.
_c20 cm.
505 _a1. ¿Porqué Economía? - 2. Los tipos de causalidad - 3. Teoría y aplicación - 4. "Estática" y "Equlibrio" - 5. Causalidad contemporánea stocks y flujos - 6. Causalidad contemporánea en Keynes - 7. Causalidad secuencial intervalos y reservas - 8. Probablidad y juicio
041 _aspa
942 _cBK
590 _aniveau_biblio:m niveau_hierar:0
100 1 _aHicks, John Richard
856 4 1 _uhttps://www.biblioeco.unsa.edu.ar/pmb/images/libros/L128291.jpg
_yImagen de portada
_qimage/jpeg
999 _c5073
_d5073